Bariéry na ceste podnikania.

Súbor príspevkov k problémom rozvoja súkromného podnikania na Slovensku z hľadiska legislatívy, realizácie hospodárskej, hlavne finančnej politiky (dane, úvery, úroky), politiky zamestnanosti a vzdelávania. Slovenský živnostenský zväz a živnostenský zákon. Poradenstvo. Podnikateľské fondy (Americko-...

Ausführliche Beschreibung

Gespeichert in:
Bibliographische Detailangaben
Format: Buchkapitel
Sprache:Slowakisch
Schlagworte:
Tags: Tag hinzufügen
Keine Tags, Fügen Sie das erste Tag hinzu!

MARC

LEADER 00000naa a2200000 4500
001 r011788
005 20220826094921.7
041 0 |a slo 
044 |a [CS] 
245 1 0 |a Bariéry na ceste podnikania. 
520 |a Súbor príspevkov k problémom rozvoja súkromného podnikania na Slovensku z hľadiska legislatívy, realizácie hospodárskej, hlavne finančnej politiky (dane, úvery, úroky), politiky zamestnanosti a vzdelávania. Slovenský živnostenský zväz a živnostenský zákon. Poradenstvo. Podnikateľské fondy (Americko-česko-slovenský a Phare). 
610 2 0 |a podnikanie súkromné 
610 2 0 |a legislatíva 
610 2 0 |a politika hospodárska 
610 2 0 |a dane 
610 2 0 |a úrok 
610 2 0 |a zamestnanosť 
610 2 0 |a živnosti 
610 2 0 |a Slovenský živnostenský zväz Bratislava 
610 2 0 |a poradenstvo 
610 2 0 |a Slovensko